| 000 | 00891cam a2200241 a 4500 | ||
|---|---|---|---|
| 999 |
_c7714 _d7714 |
||
| 003 | OSt | ||
| 005 | 20200513122010.0 | ||
| 008 | 071012s2008 dcuab b 001 0 eng | ||
| 010 | _a 2007042296 | ||
| 016 | 7 |
_a014657748 _2Uk |
|
| 020 | _a9781597261135 (pbk. : alk. paper) | ||
| 050 | 0 | 0 |
_aTC530 _b.B73 2008 |
| 082 | 0 | 0 |
_a627/.12 _222 |
| 245 | 0 | 0 |
_aRiver futures : _ban integrative scientific approach to river repair / _cedited by Gary J. Brierley and Kirstie A. Fryirs. |
| 260 |
_aWashington, DC : _bIsland Press ; _aTucson, Ariz. : _bSociety for Ecological Restoration International, _cc2008. |
||
| 300 |
_axvii, 304 p. : _bill., maps ; _c26 cm. |
||
| 440 | 4 | _aThe science and practice of ecological restoration | |
| 504 | _aIncludes bibliographical references and index. | ||
| 650 | 0 |
_aRivers _xRegulation. |
|
| 700 | 1 | _aBrierley, Gary J. | |
| 700 | 1 | _aFryirs, Kirstie A. | |
| 942 | _2ddc | ||